كيف تشاهد اثار الاقصر / Kayfa tushāhid athār al-Uqṣur

محفوظ في:

المؤلف الرئيسي: Ḥasan Ṣubḥī Bakrī.

التنسيق: كتاب

اللغة: Undetermined

منشور في: Al-Qāhirah : , 1963.

الموضوعات:

الوسوم: إضافة وسم

لا توجد وسوم, كن أول من يضع وسما على هذه التسجيلة!

رقم الطلب: (P)DT73 .T3 B3

LEADER 00555nam a2200169Ia 4500
008 240329s9999||||xx |||||||||||||| ||und||
050 4 |a (P)DT73 .T3 B3 
100 1 |a Ḥasan Ṣubḥī Bakrī. 
245 1 0 |a كيف تشاهد اثار الاقصر / Kayfa tushāhid athār al-Uqṣur  |c Ḥasan Ṣubḥī Bakrī 
264 1 |a Al-Qāhirah :  |b ,  |c 1963. 
300 |a 12,36  |c 17 
500 |a Non-Latin script record 
500 |a Romanized 
650 |a Temple de Louxor (Louxor, Égypte) 
650 |a Temple of Luxor (Luxor, Egypt) 
942 |2 lcc  |c BK 
999 |c 57804  |d 57804